Introduction to social work / (Record no. 3204)

MARC details
000 -LEADER
fixed length control field 01416cam a2200229 a 4500
020 ## - INTERNATIONAL STANDARD BOOK NUMBER
ISBN 9780205625765
020 ## - INTERNATIONAL STANDARD BOOK NUMBER
ISBN 0205625762
050 00 - CALL NUMBER
Classification number HV40
Item number .F37
100 1# - AUTHOR
Personal name Farley, O. William,
245 10 - TITLE
Title Introduction to social work /
Statement of responsibility, etc O. William Farley, Larry Lorenzo Smith, Scott W. Boyle.
250 ## - EDITION
Edition statement 11th ed.
260 ## - PUBLICATION INFORMATION
Place of publication Boston, MA :
Name of publisher Pearson/Allyn & Bacon,
Year of publication c2009.
300 ## - DESCRIPTION
Number of Pages xiv, 449 p. :
Other physical details ill. ;
Dimensions 25 cm.
500 ## - NOTES
General note Includes index.
505 00 - FORMATTED CONTENTS NOTE
Table of Content What is social work? --<br/>The evolution of social welfare and social work in the United States --<br/>Education for social work --<br/>Generalist practice and introductory theory --<br/>Social work practice with individuals --<br/>Social work practice with groups --<br/>Social work practice with communities --<br/>Administration and research --<br/>Mental health services --<br/>Social work in health care --<br/>Social work in the schools --<br/>Social security and public welfare --<br/>Family and child welfare services --<br/>Correctional services --<br/>Services for older Americans --<br/>Drug abuse and social work --<br/>Services with minorities --<br/>Social work in rural areas --<br/>Case management --<br/>Social work : a maturing profession --<br/>Social work prevention and enrichment --<br/>Social work and the future.
650 #0 - SUBJECTS
Topical Term Social service.
650 #0 - SUBJECTS
Topical Term Social case work
650 #0 - SUBJECTS
Topical Term Social service
700 1# - OTHER AUTHORS
Personal name Smith, Larry Lorenzo.
700 1# - OTHER AUTHORS
Personal name Boyle, Scott W.
942 ## - ADDED ENTRY ELEMENTS (KOHA)
Koha item type Books
Holdings
Withdrawn status Lost status Collection code Home library Current library Shelving location Date acquired Full call number Accession Number Copy number Koha item type
    Reference Methodist University Library Main Methodist University Library Main General Stacks   HV40 .F37 36541 1 Books
Copyright © 2026  MUG Library